Giá trị văn hóa truyền thống của dân tộc Thái ở Tây Bắc phục vụ cho mục đích phát triển du lịch cộng đồng /
שמור ב:
| מחבר ראשי: | |
|---|---|
| פורמט: | Bài viết |
| שפה: | Vietnamese |
| נושאים: | |
| תגים: |
הוספת תג
אין תגיות, היה/י הראשונ/ה לתייג את הרשומה!
|
| Thư viện lưu trữ: | Thư viện Trường Đại học Đà Lạt |
|---|
| LEADER | 00913nam a2200265 4500 | ||
|---|---|---|---|
| 001 | DLU150174367 | ||
| 005 | ##20151228 | ||
| 040 | # | # | |a DLU |b vie |
| 041 | # | # | |a vie |
| 044 | # | # | |a vn |
| 100 | # | # | |a Đặng Thị Nhuấn. |
| 245 | # | # | |a Giá trị văn hóa truyền thống của dân tộc Thái ở Tây Bắc phục vụ cho mục đích phát triển du lịch cộng đồng / |c Đặng Thị Nhuấn, Dương Quỳnh Phương và Phạm Thanh Tâm. |
| 653 | # | # | |a Dân tộc Thái |
| 653 | # | # | |a Du lịch cộng đồng |
| 653 | # | # | |a Giá trị văn hóa |
| 773 | # | # | |t Tạp chí Khoa học |g Số 60(94), 7-2014, tr. 190-199 |
| 920 | # | # | |a Phòng Tạp chí -- Trung tâm Thông tin - Thư viện Trường Đại học Đà Lạt |
| 994 | # | # | |a DLU |
| 900 | # | # | |a True |
| 911 | # | # | |a Nguyễn Thị Mai Anh |
| 925 | # | # | |a G |
| 926 | # | # | |a A |
| 927 | # | # | |a BB |
| 980 | # | # | |a Thư viện Trường Đại học Đà Lạt |